Famous People from the 4th century BC - Statistics

General Stats
  • This quiz has been taken 42 times
  • The average score is 6 of 15
Answer Stats
Hint Answer % Correct
Macedonian king, who conquered Persia Alexander the Great
100%
Macedonian king, who established a hegemony over the greek city states Philip II
78%
Diadochi, who controlled Egypt Ptolemy I Soter
78%
Author of the Nicomachean Ethics, Metaphysics and the Organon Aristotle
75%
Cynic philosopher, who lived in a ceramic jar Diogenes
41%
Diadochi, who controlled Persia Seleucus I Nicator
38%
Student of Socrates and commander of the "Ten Thousand" Xenophon
38%
Founder of the Mauryan Empire Chandragupta Maurya
34%
Founder of the philosophical school of Stoicism Zeno of Citium
28%
Diadochi, who controlled Syria and Anatolia, his dynasty became kings of Macedonia Antigonus I Monophthalmus
16%
Founder of a proto-utilitarian philosophical school Epicurus
16%
Commander of the Companion Cavalary during the Macedonian campaign in Persia Hephaestion
13%
Chinese philosopher and author of the Zhuangzi Zhuang Zhou
9%
Comedic Athenean author, wrote Dyskolos Menander
6%
The last emperor of the Nanda empire, which was conquered by the Mauryans Dhana Nanda
0%
No matching quizzes found
Score Distribution
Percent of People with Each Score
Percentile by Number Answered
Your Score History
You have not taken this quiz